000 00922nas a2200301 4500
001 BR9512035
003 BR-BrBNA
005 20231205095627.0
007 ta
008 230509b bl.|||p| |||| 00| 00por d
040 _aBR-BrBNA
_bpor
_cBiblioteca Nacional de Agricultura
041 _a(Pt)
072 _aP03
100 1 _aAlves, R.V.
100 1 _aBorges, J.D.
100 1 _aRocha, M.R. da
100 1 _aChaves, L.J.
100 1 _aVidal, V.L.
111 1 _a12. Congresso Brasileiro de Fruticultura
_cPorto Alegre, RS (Brazil)
_d17-22 Jan 1993
245 1 _aEmergencia de plantulas de cagaita Eugenia dysenterica DC, em viveiro
650 _aCagaita
650 _aSemente
650 _aEmergencia
650 _aGerminacao
773 0 _tRevista Brasileira de Fruticultura (Brazil)
_xISSN 0100-2945
_g1992, v. 14(2) p. 37-40
_wBR9512035
909 _a202311
_bLúcia
_c55
_dLúcia Elande
942 _2AGRIS
_n0
_cANA
999 _c151786
_d151786